=LDR 00000nam 2200000 4500 =001 INLIS000000000013990 =005 20130612105309 =008 ***********************************Ind** =035 ##$$0010-061300000013990 =041 ##$$a Ind =082 ##$$a 152.4 =090 ##$$a 152.4, Gib b =100 ##$$a Gibran, Kahlil =245 ##$$a Bila cinta bicara, Kahlil Gibran =260 ##$$a 1998 $b Bandung =300 ##$$a 116 hlm, 19 cm =650 ##$$a Cinta =850 ##$$a NBPNMAT